[Event "FRA-chT2 0304a"]
[Site "France"]
[Date "2004.04.03"]
[Round "10.2"]
[White "Van Elst, Andreas"]
[Black "Ruiz, Philippe"]
[Result "1-0"]
[WhiteElo "2263"]
[BlackElo "2159"]
[PlyCount "79"]
[EventDate "2003.10.??"]
[EventType "team"]
[EventRounds "11"]
[EventCountry "FRA"]
[SourceTitle "EXT 2005"]
[Source "ChessBase"]
[SourceDate "2004.11.15"]
[SourceVersion "1"]
[SourceVersionDate "2004.11.15"]
[SourceQuality "1"]
[WhiteTeam "Toulouse"]
[BlackTeam "Echiquier Nicois II"]
[WhiteTeamCountry "FRA"]
[BlackTeamCountry "FRA"]

1. d4 e6 2. e4 d5 3. Nc3 dxe4 4. Nxe4 Nf6 5. Nxf6+ Qxf6 6. Nf3 h6 7. Bd3 Nd7 8. 0-0 Bd6 9. Qe2 Qe7 10. Re1 0-0 11. Bd2 Nf6 12. Ne5 c5 13. dxc5 Bxc5 14. Ng4 Bd7 15. Nxf6+ Qxf6 16. Bc3 Qf4 17. Be5 Qh4 18. g3 Qb4 19. c3 Qb6 20. b4 Bd6 21. Qe4 f5 22. Qe2 Rae8 23. Rad1 Bxe5 24. Qxe5 Bc6 25. Bc4 Be4 26. Rd6 Qc7 27. Rxe6 Qxc4 28. Rxe8 Qd3 29. Rxf8+ Kxf8 30. Qc5+ Kg8 31. Qe3 Qd5 32. f3 Bxf3 33. Qe6+ Qxe6 34. Rxe6 Kf7 35. Rd6 Ke7 36. Rd4 g5 37. Kf2 Bh1 38. c4 h5 39. h4 gxh4 40. Rxh4 1-0

[Event "FRA-chT2 0304a"]
[Site "France"]
[Date "2003.11.16"]
[Round "3.6"]
[White "Van der Laan, Dinard"]
[Black "Ruiz, Philippe"]
[Result "1/2-1/2"]
[WhiteElo "2205"]
[BlackElo "2159"]
[PlyCount "58"]
[EventDate "2003.10.??"]
[EventType "team"]
[EventRounds "11"]
[EventCountry "FRA"]
[SourceTitle "EXT 2005"]
[Source "ChessBase"]
[SourceDate "2004.11.15"]
[SourceVersion "1"]
[SourceVersionDate "2004.11.15"]
[SourceQuality "1"]
[WhiteTeam "Grenoble"]
[BlackTeam "Echiquier Nicois II"]
[WhiteTeamCountry "FRA"]
[BlackTeamCountry "FRA"]

1. e4 c6 2. d4 d5 3. e5 c5 4. dxc5 e6 5. Nf3 Bxc5 6. Bd3 Nc6 7. 0-0 f6 8. Qe2 fxe5 9. Nxe5 Nxe5 10. Qxe5 Nf6 11. Bb5+ Kf7 12. Nd2 Rf8 13. Nf3 Kg8 14. Qe2 Qc7 15. Bd3 Bd6 16. c4 Bd7 17. Bg5 Rae8 18. Rac1 Qb8 19. Qc2 h6 20. Bh4 Bc6 21. Bg6 Rc8 22. Bg3 e5 23. Nh4 e4 24. Nf5 Bxg3 25. hxg3 Qe5 26. Qc3 Qe6 27. Nd4 Qd6 28. Nf5 Qe6 29. Nd4 Qd6 1/2-1/2